Normal view MARC view
  • DME TEXTBOOK, MODERN PRODUCTION / OPERATIONS MANAGEMENT

Entry Topical Term

Number of records used in: 1

001 - CONTROL NUMBER

  • control field: 91993

003 - CONTROL NUMBER IDENTIFIER

  • control field: NUST

005 - DATE AND TIME OF LATEST TRANSACTION

  • control field: 20220603154602.0

008 - FIXED-LENGTH DATA ELEMENTS

  • fixed length control field: 220603|| aca||aabn | a|a d

040 ## - CATALOGING SOURCE

  • Original cataloging agency: NUST
  • Transcribing agency: NUST

150 ## - HEADING--TOPICAL TERM

  • Topical term or geographic name entry element: DME TEXTBOOK, MODERN PRODUCTION / OPERATIONS MANAGEMENT

670 ## - SOURCE DATA FOUND

  • Source citation: Work cat.: (NUST): Buffa, Elwood S., Modern Production / Operations Management, 2014.
© 2023 Central Library, National University of Sciences and Technology. All Rights Reserved.